000 nam a22 7a 4500
999 _c10051
_d10051
008 180209b ||||| |||| 00| 0 eng d
100 _aBourgeos, P
_96076
245 _aFranklin is Messy
260 _aNew Delhi
_bfuture kids Publication
_c2008